header

Kenya standard industrial classification (KeSIC) of all economic activities. (Record no. 263727)

MARC details
000 -LEADER
fixed length control field 00593nam a22002057a 4500
003 - CONTROL NUMBER IDENTIFIER
control field OSt
005 - DATE AND TIME OF LATEST TRANSACTION
control field 20240624101056.0
008 - FIXED-LENGTH DATA ELEMENTS--GENERAL INFORMATION
fixed length control field 240524b xxu||||| |||| 00| 0 eng d
010 ## - LIBRARY OF CONGRESS CONTROL NUMBER
LC control number 2021315811
020 ## - INTERNATIONAL STANDARD BOOK NUMBER
International Standard Book Number 9789966102324
040 ## - CATALOGING SOURCE
Transcribing agency DLC
050 ## - LIBRARY OF CONGRESS CALL NUMBER
Classification number HF1044.K4
Item number K46 2021
100 ## - MAIN ENTRY--PERSONAL NAME
Personal name
110 ## - MAIN ENTRY--CORPORATE NAME
Corporate name or jurisdiction name as entry element KNBS
245 ## - TITLE STATEMENT
Title Kenya standard industrial classification (KeSIC) of all economic activities.
250 ## - EDITION STATEMENT
Edition statement 1st Edn.
260 ## - PUBLICATION, DISTRIBUTION, ETC. (IMPRINT)
Place of publication, distribution, etc Nairobi :
Name of publisher, distributor, etc Kenya National Bureau of Statistics,
Date of publication, distribution, etc [2021]
300 ## - PHYSICAL DESCRIPTION
Extent xii, 416 pages :
Other physical details color illustrations ;
Dimensions 30 cm
942 ## - ADDED ENTRY ELEMENTS (KOHA)
Source of classification or shelving scheme Library of Congress Classification
Koha item type Long Loan Books
Holdings
Withdrawn status Lost status Source of classification or shelving scheme Damaged status Not for loan Collection code Home library Current library Shelving location Date acquired Total Checkouts Full call number Barcode Date last seen Price effective from Koha item type
    Library of Congress Classification     Non-fiction Rongo University Library Law Library Reference 24/05/2024   HF1044.K4 K46 2021 202400932 24/05/2024 24/05/2024 Research and Special Collections
    Library of Congress Classification     Non-fiction Rongo University Library Law Library Reference 24/05/2024   HF1044.K4 K46 2021 202400933 24/05/2024 24/05/2024 Research and Special Collections
    Library of Congress Classification     Non-fiction Rongo University Library Law Library Reference 24/05/2024   HF1044.K4 K46 2021 202400934 24/05/2024 24/05/2024 Research and Special Collections
    Library of Congress Classification     Non-fiction Rongo University Library Law Library Reference 24/06/2024   HF1044.K4 K46 2021 202400957 24/06/2024 24/06/2024 Research and Special Collections

© 2026 Rongo University
Contact us: librarian | system librarian | Rongo university